<?xml version="1.0" encoding="UTF-8"?>
<record
    xmlns:xsi="http://www.w3.org/2001/XMLSchema-instance"
    xsi:schemaLocation="http://www.loc.gov/MARC21/slim http://www.loc.gov/standards/marcxml/schema/MARC21slim.xsd"
    xmlns="http://www.loc.gov/MARC21/slim">

  <leader>00324nam a2200133Ia 4500</leader>
  <controlfield tag="003">OSt</controlfield>
  <controlfield tag="008">191201s2012    xx            000 0 und d</controlfield>
  <datafield tag="100" ind1=" " ind2=" ">
    <subfield code="a">NAGPAL, Saraswati </subfield>
  </datafield>
  <datafield tag="245" ind1=" " ind2="0">
    <subfield code="a">Draupadi: The Fire-born Princess</subfield>
  </datafield>
  <datafield tag="260" ind1=" " ind2=" ">
    <subfield code="b">Kalyani Navyug Pvt Ltd</subfield>
    <subfield code="c">2012</subfield>
  </datafield>
  <datafield tag="300" ind1=" " ind2=" ">
    <subfield code="a">68</subfield>
  </datafield>
  <datafield tag="650" ind1=" " ind2=" ">
    <subfield code="a">General Books</subfield>
  </datafield>
  <datafield tag="942" ind1=" " ind2=" ">
    <subfield code="2">ddc</subfield>
    <subfield code="c">BK</subfield>
  </datafield>
  <datafield tag="999" ind1=" " ind2=" ">
    <subfield code="c">6755</subfield>
    <subfield code="d">6755</subfield>
  </datafield>
  <datafield tag="952" ind1=" " ind2=" ">
    <subfield code="0">0</subfield>
    <subfield code="1">0</subfield>
    <subfield code="2">ddc</subfield>
    <subfield code="4">0</subfield>
    <subfield code="7">0</subfield>
    <subfield code="8">GENERAL</subfield>
    <subfield code="a">PIET</subfield>
    <subfield code="b">PIET</subfield>
    <subfield code="c">R02</subfield>
    <subfield code="d">2020-07-21</subfield>
    <subfield code="e">Kalyani Nav yug Media Pvt Ltd.</subfield>
    <subfield code="g">275.00</subfield>
    <subfield code="k">271</subfield>
    <subfield code="l">0</subfield>
    <subfield code="o"> 294.5923 NAD</subfield>
    <subfield code="p">30257</subfield>
    <subfield code="r">2019-12-04 00:00:00</subfield>
    <subfield code="v">151.25</subfield>
    <subfield code="w">2018-08-31</subfield>
    <subfield code="y">REF</subfield>
    <subfield code="z">Biography</subfield>
  </datafield>
  <datafield tag="952" ind1=" " ind2=" ">
    <subfield code="0">0</subfield>
    <subfield code="1">0</subfield>
    <subfield code="2">ddc</subfield>
    <subfield code="4">0</subfield>
    <subfield code="7">0</subfield>
    <subfield code="8">GENERAL</subfield>
    <subfield code="a">PIET</subfield>
    <subfield code="b">PIET</subfield>
    <subfield code="c">R02</subfield>
    <subfield code="d">2020-07-21</subfield>
    <subfield code="e">Kalyani Nav yug Media Pvt Ltd.</subfield>
    <subfield code="g">275.00</subfield>
    <subfield code="k">271</subfield>
    <subfield code="l">0</subfield>
    <subfield code="o"> 294.5923 NAD</subfield>
    <subfield code="p">30258</subfield>
    <subfield code="r">2019-12-04 00:00:00</subfield>
    <subfield code="v">151.25</subfield>
    <subfield code="w">2018-08-31</subfield>
    <subfield code="y">REF</subfield>
  </datafield>
  <datafield tag="952" ind1=" " ind2=" ">
    <subfield code="0">0</subfield>
    <subfield code="1">0</subfield>
    <subfield code="2">ddc</subfield>
    <subfield code="4">0</subfield>
    <subfield code="7">0</subfield>
    <subfield code="8">GENERAL</subfield>
    <subfield code="a">PIET</subfield>
    <subfield code="b">PIET</subfield>
    <subfield code="c">R02</subfield>
    <subfield code="d">2020-07-21</subfield>
    <subfield code="e">Kalyani Nav yug Media Pvt Ltd.</subfield>
    <subfield code="g">275.00</subfield>
    <subfield code="k">271</subfield>
    <subfield code="l">0</subfield>
    <subfield code="o"> 294.5923 NAD</subfield>
    <subfield code="p">30259</subfield>
    <subfield code="r">2019-12-04 00:00:00</subfield>
    <subfield code="v">151.25</subfield>
    <subfield code="w">2018-08-31</subfield>
    <subfield code="y">REF</subfield>
  </datafield>
</record>
